[Event "2023 Excelsior Anniversary"]
[Site "?"]
[Date "2024.01.26"]
[Round "1"]
[White "Preotu, Razvan"]
[Black "Loadman, Ian"]
[Result "1/2-1/2"]
[WhiteElo "2534"]
[BlackElo "2054"]
[Annotator "Razvan Preotu"]
[PlyCount "107"]
[SourceVersionDate "2024.01.27"]

1. e4 e5 2. Nf3 Nc6 3. Bc4 Nf6 4. d3 {I decided to play a slow positional game, which in
retrospect was not a great choice.} (4. Ng5 {is how to get a complicated game.
(editor - see: Berengolts - Loadman, in "Senior Moments")}) 4... Bc5 5. c3 d6
6. O-O a5 {[#] A useful move to allow for ...Ba7, which gets out of the move
d4 and prevents White from expanding on the queenside with b4.} 7. Re1 Ba7 8.
Nbd2 O-O 9. Nf1 Be6 {Trading light-square bishops is one of Black's main ideas.
} 10. Bb5 Ne7 {Manuvering the knight to g6 and allowing for ...c6. My opponent
knew the opening ideas very well.} 11. Ng3 Ng6 {[#]} 12. h3 $6 {This is a
useful move to control g4 and prepare d4, but it gives Black time to play ...
d5 first.} (12. d4 {is what White should play. I didn't like that Black has
the idea of ...Bg4 with pressure against d4, but with the knight on g6 instead
of c6 this is not so strong, and White can play Be2 or Be3 in response.} c6 13.
Bf1 Bg4 14. Be3 {White intends h3.}) 12... c6 13. Ba4 d5 $1 {Black strikes in
the center before White can push d4 and now has a good position.} 14. exd5 Nxd5
15. d4 (15. Nxe5 $4 {runs into a common tactic in the Italian:} Nxe5 16. Rxe5
Bxf2+ $1 17. Kxf2 Qf6+ 18. Qf3 Qxe5 $19) 15... exd4 16. Nxd4 Qc7 $1 {[#] 
Black does not need to worry about Nxe6 and can finish development. I was not
happy with how the opening went, as already Black is slightly better.} 17. Nf1
$6 {My idea was to prepare Nxe6 as there are no tactics with the knight on g3,
but this is passive and allows the very strong ...Ndf4.} (17. Nxe6 $4 Bxf2+ $1
{wins material} 18. Kxf2 fxe6+ 19. Kg1 Qxg3 $19) (17. Nh5 $1 {was stronger as
it controls f4, playing against ...Ndf4. I didn't like that ...Bb8 esentially
forces me to repeat with Ng3, but objectively White is the one trying to
equalize.} Rae8 18. Bb3 Bb8 19. Ng3 $11) ({editor - a week after this game was
played, White failed to equalize in an all-GM game after:} 17. Ne4 Rae8 18.
Nxe6 $2 Rxe6 19. Bc2 Rfe8 $17 20. Qg4 Ne5 (20... Re5 $142 $19 {and ...f5
cashes in the e-file battery.}) 21. Qh5 g6 22. Qd1 Nc4 23. Re2 f5 $19 24. Bd3
b5 (24... Ne5 $142 $19) 25. Ng5 Bxf2+ {Not best, but sufficient for an easy
draw, which was all Black needed to wrap up this two game match.} 26. Kxf2 Qa7+
27. Kg3 Qc7+ 28. Kf3 Ne5+ 29. Rxe5 Rxe5 30. Kf2 Re1 31. Qc2 Qb6+ 32. Kg3 Qc7+
33. Kf2 Qb6+ 34. Kg3 Qc7+ 35. Kf2 {Vokhidov,S (2596)-Anton Guijarro,D (2672)
Chessable Masters Div 2 Lose rapid 2024 (1.2) 1/2-1/2}) 17... Rae8 $6 {The
rook belongs on d8 to put pressure against the queen, so I was happy to see
this move.} ({I was mainly worried about} 17... Rad8) (17... Ndf4 $1 {would
have been very strong. Black threatens ..Rad8 and has ideas of ...Bd5 and ...
Nh4 attacking g2. White's position is critical.} 18. Bc2 $1 {White intends
Bxg6 to force the knight away from f4.} (18. Nxe6 $2 fxe6 19. Be3 Nh4 {gives
Black a decisive attack} 20. Bxa7 Rxa7 21. Ne3 Nhxg2 $19) 18... Rad8 19. Bxg6
Nxg6 20. Be3 $17) 18. Bb3 {[#] Improving the bishop, as on a4 it was doing
nothing.} Bxd4 $6 {Black trades to no longer have to worry about Nxe6, but
this was not a threat because opening the f-file is still extremely dangerous
for White.} (18... b5 $15 {Gaining space and intending ...a4-a3 is what I was
mainly worried about.}) ({On} 18... Ndf4 {I was planning,} 19. Nxe6 fxe6 20.
Be3 {but Black still has the initiative after} Bxe3 21. fxe3 Rd8 $36 {with ...
Nd3 ideas.}) 19. Qxd4 {I was happy with the position now as I no longer felt I
was worse and in danger.} b5 20. Qc5 {Preventing ...c5-c4.} Ndf4 {A good move
to elminate White's bishop pair} 21. Bxf4 Nxf4 {[#]} 22. Rad1 ({I would like
to play} 22. Bxe6 $4 {to not allow ...Bxb3, but this fails to} Nd3 $19) 22...
a4 (22... Bxb3 $1 {Weakening White's pawn structure is best.} 23. Rxe8 (23.
axb3 $4 Nd3 $1 $19) 23... Rxe8 24. axb3 $11) 23. Bxe6 Rxe6 24. Rxe6 ({I
considered} 24. Ne3 {to try and keep more pieces on, but I was worried by ...
Rg6 ideas with pressure against g2. Turns out this is not dangerous:} Rg6 (
24... Rfe8 25. c4 $11) 25. Kf1 $11) 24... Nxe6 25. Qd6 $11 {[#] The position
is completely equal. I was hoping that I could somehow outplay my opponent in
the endgame if I can get an active rook on d6} Qb6 26. Qe7 Qc5 27. Qxc5 Nxc5
28. Ne3 Rc8 29. Nc2 {[#] I didn't see any other idea but to go for Nb4 and Rd6
attacking c6.} Kf8 30. f3 Ke7 31. Nb4 Nd7 32. Kf2 Nb6 33. b3 c5 34. Nd5+ Nxd5
35. Rxd5 axb3 36. axb3 Ke6 37. c4 {[#]} b4 {A good move to allow for ...Ra8-a3
counterplay. In rook endgames it is important to have an active rook.} (37...
bxc4 38. bxc4 {is of course drawn, but Black will have to defend a bit because
of the passive rook.}) 38. Ke3 Ra8 39. Rxc5 Ra3 40. Kd4 Rxb3 41. Re5+ Kd7 42.
Kc5 {I was hoping to go Kb6 and advance the c-pawn.} f6 43. Re2 Rb1 44. Kb6 b3
45. c5 {[#]} Rc1 $1 {Not a hard move to find, but an important one, preventing
c6+ and intending ...Rc2 and ...b3-b2.} 46. Rb2 {Preventing ...Rc2.} (46. Rd2+
Ke6 47. c6 Rc2 48. Rd1 b2 {Black threatens ...Rc1 so White has no time to
promote the c-pawn.} 49. Rb1 (49. c7 $4 Rc1 $19) 49... Kd6 $11) 46... Rc3 {
Here I didn't see what I could do and decided to go after the b3-pawn,
although this is clearly not a winning attempt} 47. Kb5 ({White can advance
the kingside pawns with} 47. h4 {before deciding on a plan, but during the
game I didn't see what this accomplishes.}) 47... Kc7 {[#] Black's king is in
front of the pawn so the game is a dead draw now.} 48. Kb4 Rc2 49. Rxb3 Kc6 50.
Ra3 Rb2+ 51. Kc4 Rc2+ 52. Kd4 Rd2+ 53. Kc4 Rc2+ 54. Kd4 {[%mdl 32768] Not a
good game by me and a bad start to the tournament. I never had an advantage
and was in a bit of danger in the early middlegame had my opponent played more
aggressively} 1/2-1/2

[Event "2023 Excelsior Anniversary"]
[Site "?"]
[Date "2024.01.27"]
[Round "2"]
[White "Singh Dhaliwal, Jaipreet"]
[Black "Preotu, Razvan"]
[Result "0-1"]
[WhiteElo "2104"]
[BlackElo "2534"]
[Annotator "Razvan Preotu"]
[PlyCount "130"]
[SourceVersionDate "2024.01.27"]

{[%mdl 32768]} 1. e4 d5 $5 {I felt after the first round game that I needed a
new strategy, and that I should surprise my opponents in the opening.} 2. exd5
Qxd5 3. Nc3 Qd6 {[#] This is a favourite of Sergei Tiviakov. Magnus Carlsen
has played this a number of times in blitz as well, if that means anything.} 4.
d4 Nf6 5. Nf3 c6 6. Ne5 {White centralizes the knight to play against ...Bg4.}
Nbd7 7. Nc4 Qc7 {[#]} 8. g3 (8. Qf3 {Is a better way to prepare Bf4 as White
develops the queen and allows for 0-0-0. I played this as White against
Tiviakov in the 2014 Canadian Open:} Nb6 9. Bf4 $14 Qd8 10. Be5 Bg4 11. Qf4 Be6
12. Nxb6 Qxb6 13. O-O-O O-O-O 14. Be2 h5 15. Kb1 Ng4 $2 16. Bxg4 hxg4 {
Analysis Diagram [#] Critical Position Should White do anything about ...f6?}
17. Qe4 (17. d5 $142 $18 {[%mdl 640]} Bxd5 {hoping to use the Rh8 across the
6th rank, but} (17... cxd5 18. Rd3 $1 {threatening Na4 and Rc3+.}) 18. Nxd5
cxd5 19. Rd3 Rh6 20. Qxg4+ Re6 (20... e6 21. Rc3+ $18) (20... Qe6 21. Rc3+ Kd7
22. Qa4+ $18) 21. Rhd1 $18 {Black gets sliced to ribbons.}) 17... Rh5 18. Bg3
$6 Ra5 19. b3 Bf5 20. Qe3 e6 21. Ne4 Rad5 $1 $17 22. Qf4 Bxe4 23. Qxe4 Rxd4 24.
Rxd4 Qxd4 25. Qxd4 Rxd4 $19 {Black has an extra pawn and the active R and
converted methodically. [full game in PGN]} 26. Kb2 Bd6 27. Bxd6 Rxd6 28. Kc3
Rd5 29. h4 Kd7 30. Re1 Kd6 31. g3 Rf5 32. Re2 Rc5+ 33. Kd4 Rd5+ 34. Kc3 Rd1 35.
a4 f5 36. Kc4 e5 37. c3 b6 38. b4 a6 39. Kb3 b5 40. axb5 axb5 41. Kc2 Rd5 $1
42. Re1 e4 43. h5 Rd3 44. Re3 Rxe3 45. fxe3 Ke6 46. Kb3 Kf6 47. c4 Kg5 {
editor: Black takes h5 then pushes ...g5 and ...f4 and White is too slow to
promote his b-pawn; so: 0-1 Preotu,R (2341)-Tiviakov,S (2656) Montreal, 2014.})
8... Nb6 9. Bf4 Qd8 10. Ne3 Nbd5 $1 {[#] Black has less space and benefits
from trading pieces. I also wanted to develop the bishop to f5.} 11. Nexd5 (11.
Qf3 {Keeping more pieces on and preventing ...Bf5 would make it more
uncomfortable for Black.} Nxf4 12. Qxf4 e6 13. Bg2 Be7 14. O-O O-O $11 {
Black has the bishop pair but is not better because of the passive
light-square bishop.}) 11... Nxd5 {I was very happy with my position and
thought I was gaining the initiative. White was not in time to play Bg2 and
can't trade on d5 due to ...Qxd5.} 12. Bd2 {[#]} Bf5 {Threatening ...Nb4, with
a double attack on c2, and one on d4.} (12... Nxc3 13. Bxc3 Qd5 {is a strong
idea and was what I was originally intending, but I wasn't very excited about
the line} 14. Rg1 Bf5 15. Bg2 Qe6+ 16. Qe2 Qxe2+ 17. Kxe2 e6 {as although
Black is very comfortable in the endgame, I didn't think my winning chances
were so good.} ({and} 17... Bxc2 18. d5 {allows White to activate the bishops,
giving great compensation for the pawn.})) 13. Rc1 $2 {My opponent defends
against ...Nb4, but loses valuable time} ({I thought} 13. Bg2 $1 {was the
critical line, accepting the challenge after ...Nb4} Nb4 {Black doesn't have
to go for this and could just play ...e6, but then the position is equal} 14.
Rc1 Qxd4 {Black is a pawn up and threatens ...000 to force a queen exchange
against 0-0, but White has} 15. a3 $1 Na6 16. Qe2 $1 $44 {Preparing Be3
against ...000. Both sides have chances: Black is a pawn up, but White has
better development.} (16. O-O $2 O-O-O $1 $17 {forces a queen exchange.}))
13... Nxc3 {Black has a greatly improved version of 12...Nxc3 (above).} 14.
Bxc3 Qd5 15. Rg1 Qxa2 {A greedy move, but there is nothing wrong with taking
the pawn} (15... O-O-O {I also considered, playing for development with moves
like ...e5 or ...g6 and ...Bg7.}) 16. b3 Qa3 {Returning the queen to d6 where
it is centralized is a good idea.} 17. Ra1 Qd6 {[#]} 18. Ra5 $6 {This allows
Black to consolidate with ...e6, preventing d4-d5 once and for all.} (18. g4 $1
{With the idea to meet ...Bg6 with d5 was the only idea for White to
complicate the position:} Qe6+ (18... Bg6 19. d5 {Black can't capture on d5
because Bb5+ would be very strong} e6 20. dxc6 Qxc6 21. Rg3 $44 {White intends
Bg2 and has some compensation}) 19. Kd2 (19. Be2 Be4 $17 {White can't play f3
because of ...Bxf3 so it is not clear how to proceed.}) 19... Qh6+ 20. Ke1 Bd7
$17 {Black threatens ...Qxh2 and ...e6 completing development. The computer
thinks White has some compensation, but practically I don't think it's enough.}
) 18... Qg6 (18... e6 $17) 19. Kd2 $1 {Walking the king to c1 makes a lot of
sense as White couldn't castle.} e6 $17 {White no longer has d5 and Black is
just a clean pawn up.} 20. f4 Bd6 21. Kc1 $2 {Sacrificing another pawn is too
much.} (21. Bg2 O-O 22. Kc1 {is a better defense, but Black is still likely to
win with the extra pawn and better piece coordination.}) 21... Bxf4+ 22. Kb2
Bc7 23. Ra4 O-O $19 {[#] Black is two pawns up and the rest is a matter of
technique.} 24. Be2 Rfd8 25. h4 b5 26. Ra6 Bb6 27. g4 Be4 28. h5 Qg5 29. Rg3 b4
30. Bxb4 Bxd4+ 31. Kb1 {[#]} Bc3 {Winning the Queen or the Bishop.} 32. Qxd8+
Rxd8 33. Rxc3 Rd2 34. Rxa7 h6 35. Bf3 Bxf3 36. Rxf3 Rd1+ 37. Ka2 Qc1 38. Bc3 $8
Qxc2+ 39. Ka3 Rd3 40. Rxd3 Qxd3 41. Bb2 c5 42. Ra4 f6 43. Rc4 {[#]editor:
Black doesn't even need the K to win:  1) force White to give up a piece for
the e-pawn;  2) break up White's kingside pawns and win them.} e5 44. Rxc5 e4
45. Bc3 e3 46. Kb2 Qe2+ 47. Ka3 Qc2 48. Kb4 e2 49. Rc4 Qxc3+ $1 50. Kxc3 e1=Q+
51. Kc2 {[#]} f5 $1 {editor - leaving White with doomed isos.} 52. gxf5 Qf2+
53. Kc3 Qxf5 54. b4 Qxh5 55. Rc5 Qf3+ 56. Kc4 Qe4+ 57. Kc3 g5 58. b5 g4 59. b6
g3 60. Rc8+ Kf7 61. Rc7+ Kg6 62. Rc8 g2 63. Rg8+ Kf7 64. b7 Qe5+ $1 65. Kd2
Kxg8 0-1

[Event "2023 Excelsior Anniversary"]
[Site "?"]
[Date "2024.01.27"]
[Round "3"]
[White "Preotu, Razvan"]
[Black "Filipovich, David"]
[Result "1-0"]
[WhiteElo "2534"]
[BlackElo "2124"]
[Annotator "Razvan Preotu"]
[PlyCount "123"]
[SourceVersionDate "2024.01.27"]

1. e4 g6 {I was happy to see the
Modern, as it is not a solid opening.} 2. d4 Bg7 3. Nc3 c6 4. Be3 d5 5. e5 {
This is one logical setup by White, gaining space and blocking the bishop on
g7.} f6 6. f4 Nh6 7. Qd2 Ng4 {[#] Black guarantees the knight for bishop
exchange which is normally quite favourable, but here the position is
relatively closed and Black is moving the knight many times in the opening.} 8.
O-O-O O-O 9. Kb1 {It's nearly always useful to defend a2 and get off the c1-h6
diagonal.} b5 10. Nf3 Nxe3 11. Qxe3 a5 {Black is advancing the queenside pawns
to start an attack but this is quite slow.} 12. h4 $1 {[#] Threatening h5 is
dangerous for Black. I was very happy with my position.  editor - Canadians
who learned chess from Suttles and Day games might be shocked to find that
Stockfish 16.1 rates this position as +2, even after Black's best move, which
he played...} Bg4 13. Be2 ({Sacrificing a pawn to open lines is more direct:} 
13. h5 $1 gxh5 (13... Bxh5 14. g4 $1 Bxg4 15. Bh3 $18) 14. Ne2 $1 {followed by
Ng3 and it is very likely White's attack will lead to victory.}) 13... h5 14.
Nh2 $1 {White, of course, wants to prepare g4.} Bxe2 (14... f5 15. Nxg4 fxg4
16. Bxg4 $1 hxg4 17. h5 $18 {sacrificing a piece to open lines is strong, and
very similar to the improvement in the next note.}) 15. Nxe2 f5 {[%mdl 32769] 
[#]  Critical Position What is White's best pawn move?  A very critical moment
in the game, as if Black has enough time to consolidate with ...e6 ...Nd7 it
is not clear how White will put on any pressure.} 16. e6 $4 {This is
completely wrong and changes the evaluation from winning for White to equal. I
saw the right idea of g4 and sacruficing the knight to open lines, but was not
confident with myself and didn't want to risk being a piece down. My idea with
e6 was to prevent Black from playing ...e6 Nd7, but the clear downside is that
Black's bihsop gets opened} (16. g4 $1 {or Rdg1 and then g4 is completely
devastating:} fxg4 17. Nxg4 $1 hxg4 18. Rdg1 $18 {White threatens h5 and Black
is simply unable to get enough pieces to the defense.} ({or} 18. h5 $18)) 16...
Qd6 $11 17. Nc1 Na6 18. Nd3 {[#]} Rac8 $1 {A strong move, preparing ...c5. I
completely missed the idea of ...Rc8 and ...c5 when playing e6.} (18... Nc7 19.
Nc5 $14) (18... Rf6 19. Rhe1 $14) 19. Rhe1 c5 $132 20. Ne5 Bxe5 (20... cxd4 21.
Qxd4 Rfd8 {Was a better option, keeping the queens on the board. White has to
be a bit careful with ...Nc5xe6 being a threat.}) 21. Qxe5 Qxe5 22. Rxe5 Rfd8
$11 {[#] The endgame is dynamically balanced. It is not clear if the pawn on
e6 is a strength or a weakness.} 23. dxc5 Rxc5 24. Nf3 Rd6 25. Nd4 {[#]} b4 {
A good positional move to advance the pawn, but during the game I thought this
was a mistake because I considered my next move to be very strong} ({I was
expecting} 25... Nc7 {to prevent the move I played in the game} 26. a3 $11 {
White prevents ...b4 and can slowly improve with b3, Kb2, but there is no
dangerous plan afterwards.}) 26. g4 {I was happy with this move and thought
Black's position is all of a sudden dangerous.} hxg4 (26... fxg4 {is also
possible} 27. Rg5 Nc7 28. f5 {was my idea, but after} Ne8 $1 {Black is in time
to get the knight to f6 and defend h5.}) 27. h5 {[#] Black's position is
critical as the defense of the f5-pawn has been undermined} Nb8 $1 {Intending .
..Nc6 to exchange knights. I overlooked this important resource for my
opponent when playing 26.g4.} (27... Nc7 $2 {intending ...Nb5 is not the same,
as the rook on e5 won't be attacked} 28. hxg6 Nb5 $2 29. Nxf5 $18) 28. hxg6 Nc6
{[#] The position becomes very forcing, and Black continues to play well.} 29.
Nxf5 Nxe5 30. Nxd6 Nxg6 31. Nf5 Nxf4 32. Nxe7+ Kf8 33. Nf5 Nxe6 34. Ne3 {
White wins the g4-pawn.} d4 (34... g3 35. Nf1 g2 36. Ne3 $11) 35. Nxg4 $11 {
[#] Despite not having an objective advantage I felt I have chances to outplay
my opponent, as Black's pawns are more vulnerable than mine and, most
importantly, I had a serious time advantage: my opponent only had around 5
minutes (+30s) for as many moves as I could force him to make.} Ke7 36. Nf2 Kd7
37. Nd3 Rf5 38. b3 Kc6 39. Nb2 Rd5 40. Nc4 Kb5 41. Rh1 {[#]  Critical Position
Doesn't ...d3 and ...Rxd3 simply draw?  Trying to annoy my opponent with Rh6.
I was also setting a trap by allowing ...d3, as I knew my opponent would be
tempted by this move to trade pawns.} d3 (41... a4 42. Rh6 axb3 43. axb3 Nf4
$11) 42. cxd3 Rxd3 $4 {A decisive mistake as the pin after Rh5+ Nc5 proves to
be fatal!} (42... Nc5 {or ...Nf4 was better. White can win the a5-pawn, but
that's not enough to win the game:} 43. Rh6 Nxd3 44. Rb6+ Kc5 45. Ra6 Kd4 $11)
43. Rh5+ $8 Nc5 ({editor -} 43... Kc6 44. Ne5+ $18) ({editor -} 43... Ka6 44.
Rh6 $1 (44. Rxa5+ {and Rb5xb4 also wins.}) 44... Rd1+ 45. Kc2 Re1 46. Kd2 Re4
47. Kd3 Re1 48. Ne3 $18 {wins the Ne6.}) 44. Nb2 $8 {[#] White gets Na4 and --
amazingly -- Black is losing!} Rg3 (44... Rd8 45. Na4 Rc8 {Defends the knight,
but Black is an eternal pin: only the rook can move along the c-file or the N
is lost. White's winning plan involves advancing the king to the back rank
where it will take away the c7/c8 squares from the rook:} 46. Kc2 Rc7 47. Rd5
Rc8 48. Kd2 Rc7 49. Ke3 Re7+ 50. Kf4 Rf7+ 51. Ke5 Re7+ 52. Kf6 Re6+ 53. Kf7 $22
Rc6 54. Ke7 Rc7+ 55. Kd8 Rc6 56. Rh5 $22 Rd6+ 57. Kc7 Rc6+ 58. Kb8 $22 $18) 45.
Na4 Rg1+ 46. Kc2 Rg2+ 47. Kd1 {[#] The checks run out and Black is not able to
save the knight.} Rxa2 (47... Rg1+ 48. Ke2 Rg2+ 49. Kf1 Rc2 50. Ke1 Kc6 {
Escaping the pin, but} 51. Kd1 $18 {White is just in time to play Kd1.}) 48.
Rxc5+ {The pawn on b3 can't be traded, so White is technically winning.} Ka6
$18 49. Rc6+ Kb7 50. Rb6+ Ka7 51. Rh6 Rg2 52. Nc5 Rg5 53. Ra6+ Kb8 54. Rxa5
Rg1+ 55. Kd2 Kc7 56. Nd3 Rg2+ 57. Ke3 Rg3+ 58. Ke4 Rg4+ 59. Kf3 Rd4 60. Ke3 Rh4
61. Rb5 Rh3+ 62. Kd4 1-0